[Event "EU-chT Seniors 50"]
[Site "Swidnica"]
[Date "2023.07.19"]
[Round "8.1"]
[White "Noyce, Robert"]
[Black "Marks, Ian Alexander"]
[Result "1-0"]
[WhiteElo "2142"]
[BlackElo "1874"]
[PlyCount "169"]
[EventDate "2023.07.12"]
[EventType "team-tourn"]
[EventRounds "9"]
[EventCountry "POL"]
[SourceTitle "CBM 215 Extra"]
[Source "ChessBase"]
[SourceDate "2023.09.30"]
[SourceVersion "1"]
[SourceVersionDate "2023.09.30"]
[SourceQuality "1"]
[WhiteTeam "England 50 II"]
[BlackTeam "Scotland 50"]
[WhiteTeamCountry "ENG"]
[BlackTeamCountry "POL"]

1. e4 c5 2. Nc3 Nc6 3. f4 g6 4. Nf3 Bg7 5. Bb5 Nd4 6. Bd3 d6 7. Nxd4 cxd4 8. Ne2 Nf6 9. 0-0 0-0 10. h3 Nd7 11. c3 Nc5 12. Bb1 Qb6 13. Kh1 d3 14. Ng3 Qa6 15. Rf3 f5 16. exf5 Bxf5 17. Nxf5 Rxf5 18. b4 Ne4 19. Bxd3 Qxd3 20. Rxd3 Nf2+ 21. Kg1 Nxd1 22. Ba3 Nxc3 23. dxc3 Rxf4 24. Re1 Be5 25. Rf1 Raf8 26. Rxf4 Rxf4 27. Bc1 Rc4 28. Bd2 Kf7 29. Kf2 Ke6 30. Rf3 b5 31. Ke2 Rc6 32. Kd3 Ra6 33. h4 Bf6 34. g3 Rxa2 35. Rf1 Ra3 36. Kc2 a5 37. bxa5 Rxa5 38. Kd3 Ra3 39. Rb1 Be5 40. Be1 Ra4 41. Ke3 h5 42. Rxb5 Rg4 43. Kf3 Rc4 44. Rb3 Kf5 45. Ra3 Rc7 46. Rb3 Ra7 47. Rb8 Ra1 48. Rf8+ Bf6 49. Ke2 Ke4 50. Rb8 Ra2+ 51. Kf1 Kd3 52. Rg8 Ra1 53. Kf2 Bxc3 54. Bxc3 Kxc3 55. Rxg6 Ra5 56. Re6 Rf5+ 57. Ke3 d5 58. Rxe7 d4+ 59. Ke4 Rc5 60. Ra7 Rc4 61. Ra3+ Kb4 62. Rd3 Kc5 63. Ke5 Rc3 64. Rxd4 Rxg3 65. Rf4 Rh3 66. Kf5 Rg3 67. Kf6 Rg4 68. Rf5+ Kd6 69. Rxh5 Rg1 70. Rh8 Rg2 71. Rd8+ Kc7 72. Rd3 Rh2 73. Kg5 Rg2+ 74. Kh6 Rg1 75. h5 Rg2 76. Kh7 Rg4 77. h6 Rg5 78. Kh8 Rg4 79. Rd2 Rg5 80. h7 Rg4 81. Rd1 Rg5 82. Ra1 Kd7 83. Ra8 Ke7 84. Rg8 Rh5 85. Kg7 1-0

[Event "BCF-chT3 0304 (4NCL)"]
[Site "West Bromwich"]
[Date "2003.11.23"]
[Round "2.7"]
[White "Noyce, Robert"]
[Black "Ralphs, Nigel"]
[Result "1-0"]
[WhiteElo "2181"]
[BlackElo "2001"]
[PlyCount "61"]
[EventDate "2003.11.23"]
[EventType "team"]
[EventRounds "11"]
[EventCountry "ENG"]
[SourceTitle "EXT 2005"]
[Source "ChessBase"]
[SourceDate "2004.11.15"]
[SourceVersion "1"]
[SourceVersionDate "2004.11.15"]
[SourceQuality "1"]
[WhiteTeam "Hilsmark Kingfisher"]
[BlackTeam "Nidum Liberals"]
[WhiteTeamCountry "ENG"]
[BlackTeamCountry "ENG"]

1. e4 c5 2. Nc3 Nc6 3. f4 g6 4. Nf3 Bg7 5. Bb5 Nd4 6. Bd3 d6 7. Nxd4 cxd4 8. Ne2 e6 9. 0-0 Ne7 10. c3 dxc3 11. bxc3 0-0 12. Bc2 b5 13. d4 d5 14. e5 Bd7 15. Ba3 Re8 16. g4 a5 17. Ng3 f5 18. exf6 Bxf6 19. Bc5 Rc8 20. Rf3 Rxc5 21. dxc5 Qc7 22. f5 Qxc5+ 23. Kg2 exf5 24. gxf5 Nxf5 25. Nxf5 Bxf5 26. Bxf5 gxf5 27. Rxf5 Qxc3 28. Qxd5+ Kg7 29. Raf1 Re2+ 30. Kh1 Qb2 31. Rxf6 1-0

[Event "BCF-chT2 9900 (4NCL)"]
[Site "Birmingham"]
[Date "2000.03.26"]
[Round "8.6"]
[White "Simons, Martin J"]
[Black "Noyce, Robert"]
[Result "1-0"]
[WhiteElo "2248"]
[BlackElo "2177"]
[PlyCount "39"]
[EventDate "1999.10.??"]
[EventType "team"]
[EventRounds "11"]
[EventCountry "ENG"]
[SourceTitle "EXT 2001"]
[Source "ChessBase"]
[SourceDate "2000.11.22"]
[SourceVersion "1"]
[SourceVersionDate "2000.11.22"]
[SourceQuality "1"]
[WhiteTeam "Wessex"]
[BlackTeam "Guildford II"]
[WhiteTeamCountry "ENG"]
[BlackTeamCountry "ENG"]

1. e4 d5 2. d4 dxe4 3. Nc3 Nf6 4. f3 exf3 5. Nxf3 Bg4 6. h3 Bh5 7. g4 Bg6 8. Bc4 e6 9. Ne5 Bb4 10. 0-0 Nbd7 11. Nxg6 hxg6 12. Qf3 Nb6 13. Bd3 Qxd4+ 14. Be3 Qd7 15. Rad1 Bxc3 16. Ba6 Nfd5 17. Bxb7 Rd8 18. Bc6 Bf6 19. Bxd7+ Rxd7 20. Bxb6 1-0

[Event "BCF-chT2 9900 (4NCL)"]
[Site "Birmingham"]
[Date "2000.01.22"]
[Round "5.7"]
[White "Garner, David"]
[Black "Noyce, Robert"]
[Result "1/2-1/2"]
[WhiteElo "2123"]
[BlackElo "2177"]
[PlyCount "47"]
[EventDate "1999.10.??"]
[EventType "team"]
[EventRounds "11"]
[EventCountry "ENG"]
[SourceTitle "EXT 2001"]
[Source "ChessBase"]
[SourceDate "2000.11.22"]
[SourceVersion "1"]
[SourceVersionDate "2000.11.22"]
[SourceQuality "1"]
[WhiteTeam "Invicta Knights Maidstone II"]
[BlackTeam "Guildford II"]
[WhiteTeamCountry "ENG"]
[BlackTeamCountry "ENG"]

1. e4 d5 2. exd5 Nf6 3. d4 Nxd5 4. Nf3 g6 5. c4 Nb6 6. Nc3 Bg7 7. Be3 Bg4 8. Be2 0-0 9. h3 Bxf3 10. Bxf3 Nc6 11. Bxc6 bxc6 12. Qd3 e5 13. d5 cxd5 14. cxd5 e4 15. Qxe4 Re8 16. Qf3 Nc4 17. 0-0 Nxb2 18. Nb5 a6 19. Nd4 Nc4 20. Rad1 Ne5 21. Qe4 Nc4 22. Qf3 Ne5 23. Qe4 Nc4 24. Qf3 1/2-1/2

[Event "BCF-chT2 9900 (4NCL)"]
[Site "Birmingham"]
[Date "1999.11.20"]
[Round "3.3"]
[White "Walton, Alan J"]
[Black "Noyce, Robert"]
[Result "1-0"]
[WhiteElo "1928"]
[BlackElo "2177"]
[PlyCount "74"]
[EventDate "1999.10.??"]
[EventType "team"]
[EventRounds "11"]
[EventCountry "ENG"]
[SourceTitle "EXT 2001"]
[Source "ChessBase"]
[SourceDate "2000.11.22"]
[SourceVersion "1"]
[SourceVersionDate "2000.11.22"]
[SourceQuality "1"]
[WhiteTeam "Numerica 3CS"]
[BlackTeam "Guildford II"]
[WhiteTeamCountry "ENG"]
[BlackTeamCountry "ENG"]

1. d4 Nf6 2. Bg5 e6 3. e4 d6 4. Nc3 Be7 5. e5 dxe5 6. dxe5 Qxd1+ 7. Rxd1 Ng4 8. Bf4 g5 9. Bg3 Nc6 10. Nf3 h5 11. h3 Nh6 12. Nb5 Bd8 13. Bd3 Nb4 14. Be4 a6 15. Nbd4 Nf5 16. a3 Nxg3 17. fxg3 Nd5 18. Rd3 c5 19. Ne2 c4 20. Rd4 Nb6 21. c3 Be7 22. Bc2 Bc5 23. Re4 Rg8 24. Nd2 Bd7 25. Nd4 Rc8 26. Bd1 Be7 27. Bxh5 Na4 28. 0-0 Rg7 29. Rb1 Nc5 30. Re3 b5 31. Ne4 Nd3 32. Nf2 Nxf2 33. Kxf2 Bc5 34. Rd1 Ke7 35. Bf3 a5 36. Kf1 b4 37. axb4 axb4 1-0

[Event "BCF-chT 9899 (4NCL)"]
[Site "England"]
[Date "1999.05.01"]
[Round "9.7"]
[White "Noyce, Robert"]
[Black "Lalic, Susan"]
[Result "1/2-1/2"]
[WhiteElo "2180"]
[BlackElo "2335"]
[PlyCount "37"]
[EventDate "1998.10.??"]
[EventType "team"]
[EventRounds "11"]
[EventCountry "ENG"]
[SourceTitle "EXT 2000"]
[Source "ChessBase"]
[SourceDate "1999.11.16"]
[SourceVersion "1"]
[SourceVersionDate "1999.11.16"]
[SourceQuality "1"]
[WhiteTeam "Wessex"]
[BlackTeam "Slough"]
[WhiteTeamCountry "ENG"]
[BlackTeamCountry "ENG"]

1. Nf3 d5 2. g3 c5 3. Bg2 Nc6 4. 0-0 e6 5. d3 g6 6. Nbd2 Bg7 7. e4 Nge7 8. Nh4 b6 9. f4 dxe4 10. dxe4 Ba6 11. Re1 g5 12. fxg5 Bd4+ 13. Kh1 Bf2 14. e5 Bxe1 15. Qxe1 Qc7 16. Ne4 0-0-0 17. Nd6+ Rxd6 18. exd6 Qxd6 19. Bf4 1/2-1/2

[Event "FRA-chT"]
[Site "France"]
[Date "1998.02.08"]
[Round "3"]
[White "Maze, Sebastien"]
[Black "Noyce, Robert"]
[Result "1-0"]
[WhiteElo "2175"]
[BlackElo "2175"]
[PlyCount "75"]
[EventDate "1998.02.06"]
[EventType "team"]
[EventRounds "11"]
[EventCountry "FRA"]
[SourceTitle "CBM 064 Extra"]
[Source "ChessBase"]
[SourceDate "1998.07.07"]
[SourceVersion "1"]
[SourceVersionDate "1998.07.07"]
[SourceQuality "1"]

1. e4 d5 2. exd5 Nf6 3. Nf3 Nxd5 4. d4 Bg4 5. Be2 e6 6. 0-0 Nc6 7. h3 Bf5 8. c3 Bd6 9. Bd3 Bxd3 10. Qxd3 Nf4 11. Bxf4 Bxf4 12. Qe4 Bh6 13. Nbd2 0-0 14. Nb3 Qd5 15. Qxd5 exd5 16. g3 Rfe8 17. Rfe1 g6 18. Kg2 Bf8 19. Nh2 Bd6 20. Ng4 Kg7 21. Ne3 Ne7 22. Re2 c6 23. Rae1 f5 24. Nc2 b6 25. Re6 Rad8 26. Nc1 Kf7 27. Nd3 Nc8 28. Rxe8 Rxe8 29. Rxe8 Kxe8 30. Kf3 Kf7 31. Ne3 Kf6 32. Ke2 Ne7 33. f4 h6 34. Ne5 g5 35. Kf3 Bxe5 36. fxe5+ Ke6 37. h4 c5 38. Nc2 1-0

[Event "FRA-chTB 9697"]
[Site "France"]
[Date "1997.??.??"]
[Round "6"]
[White "Fruteau, Sabine"]
[Black "Noyce, Robert"]
[Result "1/2-1/2"]
[WhiteElo "2165"]
[BlackElo "2185"]
[PlyCount "119"]
[EventDate "1997.??.??"]
[EventType "team"]
[EventRounds "7"]
[EventCountry "FRA"]
[SourceTitle "EXT 1999"]
[Source "ChessBase"]
[SourceDate "1998.11.16"]
[SourceVersion "1"]
[SourceVersionDate "1998.11.16"]
[SourceQuality "1"]

1. e4 d5 2. exd5 Nf6 3. Bc4 Bg4 4. f3 Bf5 5. Nc3 Nbd7 6. g4 Nb6 7. Bb3 Bg6 8. d4 Nfxd5 9. Nge2 e6 10. h4 h5 11. g5 Nxc3 12. Nxc3 Bb4 13. Be3 Qd6 14. Qd2 a5 15. a3 Bxc3 16. Qxc3 a4 17. Ba2 Nd5 18. Bxd5 Qxd5 19. 0-0-0 0-0 20. Kb1 Ra6 21. Rc1 Rc6 22. Qe1 Qxf3 23. Bd2 Qb3 24. Bc3 b5 25. Ka1 Qd5 26. Rh2 Rb8 27. Re2 b4 28. Bxb4 Qxd4 29. Bc3 Qc4 30. Rd2 Qb5 31. Rd4 Qf5 32. Rxa4 e5 33. Qxe5 Qxe5 34. Bxe5 Bxc2 35. Ra7 Re8 36. Rxc7 Rxc7 37. Bxc7 Bb3 38. Kb1 Re3 39. Bb6 Re4 40. Bf2 Re2 41. Bg3 Rg2 42. Be1 Kf8 43. Rc3 Bd5 44. Re3 f6 45. gxf6 gxf6 46. a4 f5 47. Re5 Be4+ 48. Ka2 Re2 49. Bg3 Kf7 50. a5 Kf6 51. Rc5 Rg2 52. Rc3 Ke6 53. a6 Rc2 54. Rxc2 Bxc2 55. Ka3 Bd3 56. a7 Be4 57. Kb4 Kd7 58. Kc5 Kc8 59. Kd6 Kb7 60. Bf2 1/2-1/2

[Event "BCF-chT 9697 (4NCL)"]
[Site "England"]
[Date "1996.10.20"]
[Round "2.4"]
[White "Friedgood, David"]
[Black "Noyce, Robert"]
[Result "1/2-1/2"]
[WhiteElo "2270"]
[BlackElo "2205"]
[PlyCount "121"]
[EventDate "1996.10.??"]
[EventType "team"]
[EventRounds "12"]
[EventCountry "ENG"]
[SourceTitle "EXT 1999"]
[Source "ChessBase"]
[SourceDate "1998.11.16"]
[SourceVersion "1"]
[SourceVersionDate "1998.11.16"]
[SourceQuality "1"]
[WhiteTeam "BCM"]
[BlackTeam "Wessex"]
[WhiteTeamCountry "ENG"]
[BlackTeamCountry "ENG"]

1. c4 Nf6 2. Nc3 g6 3. e4 d6 4. d4 Bg7 5. Be2 0-0 6. Nf3 e5 7. 0-0 Nc6 8. d5 Ne7 9. Ne1 Ne8 10. Be3 f5 11. f3 f4 12. Bf2 h5 13. a4 Rf7 14. a5 g5 15. c5 Bf8 16. c6 Rg7 17. cxb7 Bxb7 18. Ra4 Bc8 19. Qb3 Ng6 20. Rb4 Bd7 21. Bb5 Bxb5 22. Nxb5 a6 23. Na7 g4 24. Nc6 Qg5 25. Rb8 Rxb8 26. Qxb8 Nf6 27. Qc8 g3 28. Qe6+ Kh7 29. Ba7 gxh2+ 30. Kh1 h4 31. Rf2 Nh5 32. Qh3 Qg3 33. Qxh2 Ne7 34. Nd3 Nxc6 35. dxc6 Be7 36. Rc2 Qg5 37. Qh3 Ng3+ 38. Kg1 Nh5 39. Rc3 Qg6 40. Rb3 Ng3 41. Bf2 Qf7 42. Rb8 Rg8 43. Rxg8 Kxg8 44. Qc8+ Bf8 45. Qg4+ Bg7 46. Qc8+ Kh7 47. Bxg3 fxg3 48. Qf5+ Qxf5 49. exf5 Bh6 50. Nb4 Bd2 51. Nd5 Bxa5 52. b4 Bxb4 53. Nxc7 Ba5 54. Nxa6 d5 55. c7 Bxc7 56. Nxc7 d4 57. Ne6 Kh6 58. Nc5 Kg5 59. Kf1 Kxf5 60. Ke2 Kf4 61. Nd3+ 1/2-1/2

[Event "BCF-chT 9394 (4NCL) 1st"]
[Site "England"]
[Date "1994.01.23"]
[Round "6.7"]
[White "Noyce, Robert"]
[Black "James, David J"]
[Result "1/2-1/2"]
[WhiteElo "2230"]
[BlackElo "2255"]
[PlyCount "29"]
[EventDate "1993.10.02"]
[EventType "team-tourn"]
[EventRounds "10"]
[EventCountry "ENG"]
[SourceTitle "EXT 2019"]
[Source "ChessBase"]
[SourceDate "2018.10.10"]
[SourceVersion "1"]
[SourceVersionDate "2018.10.10"]
[SourceQuality "1"]
[WhiteTeam "Slough"]
[BlackTeam "North West Eagles"]
[WhiteTeamCountry "ENG"]
[BlackTeamCountry "ENG"]

1. e4 c5 2. Nc3 d6 3. Bb5+ Bd7 4. Bxd7+ Qxd7 5. f4 Nc6 6. Nf3 g6 7. 0-0 Bg7 8. d3 Nf6 9. h3 0-0 10. g4 Ne8 11. f5 e6 12. Nh4 Nd4 13. Bg5 h6 14. Be3 Kh7 15. fxg6+ 1/2-1/2

[Event "BCF-ch"]
[Site "Dundee"]
[Date "1993.??.??"]
[Round "1"]
[White "Noyce, Robert"]
[Black "Murugan, Krishnamoorthy"]
[Result "0-1"]
[WhiteElo "2230"]
[BlackElo "2430"]
[PlyCount "100"]
[EventDate "1993.08.??"]
[EventType "swiss"]
[EventRounds "11"]
[EventCountry "SCO"]
[SourceTitle "TD"]
[Source "ChessBase"]
[SourceDate "1994.03.01"]
[SourceVersion "1"]
[SourceVersionDate "1994.03.01"]
[SourceQuality "1"]

1. Nf3 Nf6 2. g3 c5 3. Bg2 Nc6 4. 0-0 g6 5. d3 Bg7 6. e4 0-0 7. Nc3 d6 8. Nh4 Nd4 9. Ne2 Nd7 10. f4 a5 11. a4 Rb8 12. c3 Nxe2+ 13. Qxe2 b5 14. axb5 Rxb5 15. Nf3 Ba6 16. Nd2 Rb8 17. Nc4 Bxc4 18. dxc4 Qb6 19. Qc2 Qa6 20. Qa4 Nb6 21. Qb5 Qxb5 22. cxb5 a4 23. Re1 e6 24. Bf1 d5 25. exd5 exd5 26. Re7 Rfe8 27. Rxe8+ Rxe8 28. Bd2 f5 29. Kf2 Kf7 30. Bd3 c4 31. Bc2 d4 32. Ra3 d3 33. Bd1 Bf8 34. Ra2 Bc5+ 35. Kf3 Ra8 36. Be3 Bxe3 37. Kxe3 Ra5 38. h3 Ke6 39. Kd2 Rxb5 40. Kc1 Ra5 41. Kd2 Ra8 42. Bf3 Ra7 43. Ra1 Kd6 44. Bd1 h6 45. Bf3 Nd7 46. Bd1 Nc5 47. Ke3 Re7+ 48. Kf2 g5 49. fxg5 hxg5 50. Ra2 d2 0-1

[Event "IRL-ch"]
[Site "Ireland"]
[Date "1993.??.??"]
[Round "5"]
[White "Noyce, Robert"]
[Black "Ryan, Joseph"]
[Result "0-1"]
[WhiteElo "2245"]
[BlackElo "2270"]
[PlyCount "72"]
[EventDate "1993.??.??"]
[EventType "swiss"]
[EventRounds "9"]
[EventCountry "IRL"]
[SourceTitle "EXT 1998"]
[Source "ChessBase"]
[SourceDate "1997.11.17"]
[SourceVersion "1"]
[SourceVersionDate "1997.11.17"]
[SourceQuality "1"]

1. Nf3 Nf6 2. g3 d5 3. c4 e6 4. Bg2 Be7 5. 0-0 0-0 6. b3 a5 7. Bb2 a4 8. d3 axb3 9. axb3 Rxa1 10. Bxa1 c6 11. Nbd2 Na6 12. Bc3 Nb4 13. Qa1 c5 14. d4 cxd4 15. Nxd4 e5 16. Nb5 d4 17. Bxb4 Bxb4 18. Ne4 Ng4 19. h3 Nh6 20. Qa4 Qe7 21. Rc1 f5 22. c5 fxe4 23. Qxb4 e3 24. fxe3 Qg5 25. Qc4+ Kh8 26. exd4 Qxg3 27. Qd3 Qf2+ 28. Kh1 Qh4 29. dxe5 Ng4 30. Qd4 Nf2+ 31. Kh2 Rf4 32. Qc3 Ng4+ 33. Kg1 Qf2+ 34. Kh1 Ne3 35. Rg1 Bxh3 36. Bxb7 Bg2+ 0-1